000 00487nam a2200157Ia 4500
008 210716s2009 xx 000 0 und d
020 _a9788131714317
041 _aeng
082 _a658.4038 LAUK
100 _aLaudon, Kenneth C;Laudon Jane P.
245 _aManagement information systems: managing the digital firm.
_bManaging the digital firm.
250 _a9
260 _aNew Delhi
_bPearson Education
_c2009
300 _axxx,121/2006
650 _aManagement Information Systems
999 _c201389
_d201389